000 00202 a2200097 4500
001 55257
100 _a
245 _aChainfire
260 _aLondon
_bHarper & Row
_c2005
090 _c34219
_d34219
942 _aNUST-CAE
_cMONOGRAPH
_c26913
999 _c290330
_d290330